[Básne]

Bibliographic Details
Main Author: Zborovjan, Julo, 1921-1974 (Author)
Format: Article
Language:Slovak
ISSN:1335-3470
Subjects:

MARC

LEADER 00000nab a2200000 a 4500
001 vtls000688739
003 SK-MaSNL
005 20260303221224.0
008 240405c1999 xo 0 slo
015 |a SNBRB1999/03-05327 
035 |a CLN000040906 
040 |a SNKBUCL  |b slo  |c SNKBUCL  |e AACR2 
041 0 |a slo 
044 |a xo  |c SK 
080 |a 885.4-1  |2 1997 
100 1 |a Zborovjan, Julo,  |d 1921-1974  |4 aut  |9 116934 
245 1 0 |a [Básne]  |c Julo Zborovjan 
505 0 |a Blok obsahuje 14 básní 
655 7 |a slovenská poézia  |2 snkbucl  |9 70444 
655 7 |a články z novín a časopisov  |2 snkbucl  |9 267496 
773 0 |t Kultúra  |g Roč. 2, č. 13 (1999), s. 8-9  |x 1335-3470 
850 |a Slovenská národná knižnica 
852 |a Slovenská národná knižnica 
958 |a SK 
958 |a LX 
992 |a RBX 
999 |c 2231813  |d 2233743